01002nam a2200217 a 450000100100000000500170001000800410002702000150006804000250008308200140010810000320012224001040015424501480025826000520040630000210045859000270047970000310050695201120053795201180064999900170076700004739120201002060520.0180606s2003 dr 000 0 spa d a9993432052 aDO-SdBNPbspacBNPHU axxxbxxxx1 aSheng-yen, Lud1945-97503410aAn overview of the Buddhadarma :ga discourse by master Sheng-yen Lu, (living Buddha Liang-sheng) /10aVisión general sobre el Buda-Dharma :bdiscurso del maestro Sheng-yen Lu, buda viviente Lien-shen /cSheng-yen Lu ; traducción Renate Roos. aSanto Domingo :bTemplo Chang Ming Tang,c2003. a168 p. ;c23 cm. aInventariado, 2018/ YL1 aRoos, Renateetrad.921337 0010718PDaPDbPDcCTd2018-05-11iLF1l0oxxx xxxxp47391-10r2020-06-25w2020-06-25yLFPDZNo se presta 0010718PDaPDbPDcCTd2018-05-11iLF1l0oxxx xxxxp47391-20r2020-06-25te. 2w2020-06-25yLFPDZNo se presta c46879d46879